000 00315nam a22001337a 4500
020 _a978-93-82515-55-5
082 _a894.812.3
_bGEO/ALI
100 _aGEORGE,BEENA
245 _aALIBABAYUM NALPATHU KALLANMARUM
260 _aTHRISSUR
_bH&C PUBLISHING HOUSE
300 _a48
650 _aSTORY
_zKERALA
942 _cBK
999 _c7031
_d7031